Statistics for 2023年北非洲百万人口城市

Click here to take the quiz!

General Stats

  • This quiz has been taken 79 times
  • The average score is 19 of 54

Answers on the Map

Answers color-coded by a green-red scale on the quiz's map according to % correct below.
 

Answer Stats

人口(万)城市% Correct
2220开罗 / 吉萨 / 舒卜拉海迈
100%
610亚历山大港
92%
277.5突尼斯
84%
417.5阿尔及尔
81%
177的黎波里
77%
470卡萨布兰卡
76%
460亚的斯亚贝巴
76%
685喀土穆
72%
212.5摩加迪沙
70%
2140拉各斯
69%
410阿布贾
61%
420达喀尔
59%
212.5拉巴特
58%
370雅温得
54%
109班珠尔
54%
156班吉
53%
280瓦加杜古
53%
397.5巴马科
53%
655阿比让
49%
143尼亚美
49%
181恩贾梅纳
47%
635阿克拉
47%
135努瓦克肖特
46%
177蒙罗维亚
41%
235洛美
41%
102阿斯马拉
39%
277.5科纳克里
38%
134弗里敦
38%
157瓦赫兰
24%
116马拉喀什
23%
133非斯
22%
179贝宁城
22%
520卡诺
20%
365杜阿拉
18%
392.5伊巴丹
18%
119丹吉尔
16%
285库马西
16%
260哈科特港
14%
202.5科托努
9%
134迈杜古里
5%
125阿巴
4%
120图巴
4%
119伊洛林
4%
119苏塞
4%
128阿加迪尔
4%
108瓦里
4%
205卡杜纳
3%
131奥尼查
3%
105博博迪乌拉索
3%
100索科托
3%
110乔斯
1%
109扎里亚
1%
109埃努古
0%
105奥绍博
0%

Score Distribution

Percentile by Number Answered

Percent of People with Each Score

Your Score History

You have not taken this quiz